000 00585nam a22002417a 4500
003 UA-OsUOA
001 26413
007 ta
008 20040527b un ||||| |||| 00| 0 ukr d
090 _a37.025
_bФ77
942 _cBK
040 _aUA-OsUOA
_bukr
_cUA-OsUOA
_dUA-OsUOA
245 _aФонд інтелектуальної співпраці "Україна - XXI століття"
300 _a146 с.
955 _a0
041 _aukr
080 _a37.025
020 _a966-96388-0-1
260 _aКиїв
_c2003
044 _aUA
650 7 _2UDC
999 _c312736
_d312736